000 00440nam a2200181Ia 4500
005 20240823005830.0
008 240823s9999||||xx |||||||||||||| ||und||
041 _aENGLISH
082 _A005.133 N8
100 _a"Lemay,Laura [etal]"
245 0 _aJava 1.1 Interactive Course
250 _a1st
260 _c1998
_b"Techmedia,New Delhi"
500 _aYES
650 _aJAVA
_bInformation Technology
942 _cBK
999 _c156857
_d156857